[Event "Open"]
[Site "Velika Gorica CRO"]
[Date "2002.06.28"]
[Round "7"]
[White "Jurkovic,A"]
[Black "Bender,I"]
[Result "1-0"]
[WhiteElo "2330"]
[BlackElo "2176"]

1.e4 c5 2.Nf3 d6 3.d4 cxd4 4.Nxd4 Nf6 5.Nc3 a6 6.Be3 e5 7.Nb3 Be6 8.Be2 Nbd7
9.O-O b5 10.f4 Rc8 11.f5 Bc4 12.Bxc4 bxc4 13.Nd2 Be7 14.Qe2 Qc7 15.Rf3 Qc6
16.Rg3 h5 17.Kh1 Kf8 18.Bg5 Bd8 19.Rd1 Bb6 20.Nf3 Ng4 21.Rf1 f6 22.Bc1 Qc5
23.Nh4 Nf2+ 24.Rxf2 Qxf2 25.Ng6+ Kg8 26.Qxf2 Bxf2 27.Rf3 Bd4 28.Nd5 Kf7 29.c3 Rhe8
30.Rh3 Ba7 31.Rxh5 Nb6 32.Ne3 d5 33.Rh7 Rg8 34.Ng4 Ke8 35.Nxf6+ gxf6 36.Rxa7 Kd8
37.Be3 d4 38.cxd4 c3 39.bxc3 Rxc3 40.Bg1 exd4 41.h4 Rc1 42.Kh2 Rc4 43.h5 Nc8
44.Rxa6 Rg7 45.Ra3 Rd7 46.Nf8 Rd6 47.h6 d3 48.Rxd3 Rxe4 49.h7 Rh4+ 50.Rh3 Rxh7
51.Rxh7 Rd5 52.Ne6+ Ke8 53.Nc7+  1-0

[Event "IV Shakkinet A"]
[Site "Helsinki FIN"]
[Date "2002.06.29"]
[Round "6"]
[White "Agopov,M"]
[Black "Maki Uuro,Mi"]
[Result "1-0"]
[WhiteElo "2412"]
[BlackElo "2335"]

1.e4 c5 2.Nf3 d6 3.d4 cxd4 4.Nxd4 Nf6 5.Nc3 a6 6.Be3 e5 7.Nb3 Be6 8.f3 Be7
9.Qd2 O-O 10.O-O-O Qc7 11.g4 Rc8 12.Kb1 Nbd7 13.h4 Nb6 14.g5 Nh5 15.Qf2 Nc4
16.Bxc4 Qxc4 17.Nd5 Bxd5 18.Rxd5 b5 19.Qd2 a5 20.Rc1 a4 21.Na5 Qc7 22.Rxb5 Rcb8
23.c4 Bd8 24.Qb4 Rxb5 25.Qxb5 Bxg5 26.hxg5 Qxa5 27.Qxa5 Rxa5 28.Rd1 f6 29.Rxd6 fxg5
30.Bxg5 Ng3 31.Bd8 Rc5 32.b3 axb3 33.axb3 h5 34.Rd2 Rc8 35.Bh4 Nf1 36.Rf2 Ne3
37.Re2 Nf1 38.Kc2 Ra8 39.Rf2 Ra1 40.b4 Ne3+ 41.Kb3 Rb1+ 42.Rb2 Rxb2+ 43.Kxb2 Nxc4+
44.Kc3 Nd6 45.Bg3 Kf8 46.Bxe5 Nf7 47.Kd4 Ke7 48.b5 h4 49.Bf4 g5 50.Bh2 Kd7
51.Kd5 h3 52.e5 Nd8 53.b6 Nb7 54.e6+ Ke7 55.Bg3 Na5 56.Bd6+ Ke8 57.Bh2 Ke7
58.Bg1 Nb7 59.Ke5 Nd8 60.Kf5 Kd6 61.Kf6 Nb7 62.Bh2+  1-0

[Event "Polish Supercup"]
[Site "Warsaw POL"]
[Date "2002.06.29"]
[Round "1"]
[White "Szelag,M"]
[Black "Kempinski,R"]
[Result "1/2-1/2"]
[WhiteElo "2369"]
[BlackElo "2570"]

1.e4 c5 2.Nf3 d6 3.d4 cxd4 4.Nxd4 Nf6 5.Nc3 a6 6.Be3 Ng4 7.Bg5 h6 8.Bh4 g5
9.Bg3 Bg7 10.Be2 h5 11.Bxg4 Bxg4 12.f3 Bd7 13.Bf2 e6 14.O-O Be5 15.Nce2 Nc6
16.Qd2 Rg8 17.Rad1 Qa5 18.c3 Nxd4 19.Bxd4 Bb5 20.Rf2 O-O-O 21.b3 f6 22.Qe3 Qxa2
23.c4 Bd7 24.Bb6 Rde8 25.Nd4 Qa3 26.Nc2 Qa2 27.c5 d5 28.exd5 exd5 29.Qd3 Qb2
30.Ba5 Kb8 31.Nb4 Bxh2+ 32.Kf1 Qe5 33.c6 Bxc6 34.Nxc6+ bxc6 35.Qxa6 Qe7 36.Qxc6 Qb7
37.Qxd5 Qxd5 38.Rxd5 Re5 39.Rfd2 Rc8 40.Rxe5 Bxe5 41.Rd8  1/2-1/2

[Event "IV Shakkinet A"]
[Site "Helsinki FIN"]
[Date "2002.07.01"]
[Round "8"]
[White "Nyysti,S"]
[Black "Maki Uuro,Mi"]
[Result "1/2-1/2"]
[WhiteElo "2242"]
[BlackElo "2335"]

1.e4 c5 2.Nf3 d6 3.d4 cxd4 4.Nxd4 Nf6 5.Nc3 a6 6.Be3 e5 7.Nb3 Be6 8.f3 Nbd7
9.g4 b5 10.g5 b4 11.Ne2 Nh5 12.Ng3 Nf4 13.h4 h6 14.Bxf4 exf4 15.Nh5 hxg5
16.hxg5 Rh7 17.g6 fxg6 18.Nxf4 Rxh1 19.Nxe6 Qh4+ 20.Kd2 Qf2+ 21.Qe2 Qxe2+
22.Bxe2 Rxa1 23.Nc7+ Kd8 24.Nxa8 Rh1 25.Nd4 Rh2 26.Ke3 d5 27.Nc6+  1/2-1/2

[Event "23rd Open"]
[Site "Bled SLO"]
[Date "2002.07.03"]
[Round "2"]
[White "Jaracz,B"]
[Black "Palac,M"]
[Result "0-1"]
[WhiteElo "2265"]
[BlackElo "2564"]

1.e4 c5 2.Nf3 d6 3.d4 cxd4 4.Nxd4 Nf6 5.Nc3 a6 6.Be3 e5 7.Nb3 Be6 8.f3 Be7
9.Qd2 O-O 10.O-O-O Nbd7 11.g4 Qc7 12.Kb1 b5 13.g5 Nh5 14.Nd5 Bxd5 15.exd5 Nb6
16.Na5 Nxd5 17.Qxd5 Qxa5 18.c4 Rab8 19.Rg1 g6 20.cxb5 axb5 21.Rg4 Ng7 22.h4 Nf5
23.Bd2 Qb6 24.Rb4 Nd4 25.f4 Rfc8 26.Bg2 Rc5 27.Qe4 Bf8 28.h5 d5 29.Qxe5 Bg7
30.Qe3 Nc2 31.Qb3 Nxb4 32.Bxb4 Rc4 33.f5 Qf2 34.Bxd5 Qxf5+ 35.Ka1 Qxd5  0-1

[Event "IV Shakkinet A"]
[Site "Helsinki FIN"]
[Date "2002.07.03"]
[Round "10"]
[White "Sammalvuo,T"]
[Black "Agopov,M"]
[Result "1-0"]
[WhiteElo "2440"]
[BlackElo "2412"]

1.e4 c5 2.Nf3 d6 3.d4 cxd4 4.Nxd4 Nf6 5.Nc3 a6 6.Be3 Ng4 7.Bc1 Nf6 8.Be3 Ng4
9.Bg5 h6 10.Bh4 g5 11.Bg3 Bg7 12.h3 Ne5 13.Nf5 Bxf5 14.exf5 Qa5 15.Qd5 Nbc6
16.Qxa5 Nxa5 17.Nd5 Rc8 18.O-O-O e6 19.f6 Bf8 20.Bxe5 dxe5 21.Nc3 Rxc3 22.bxc3 h5
23.Bd3 Rh6 24.Rhe1 Nc6 25.Be4 Na5 26.Bf3 Rxf6 27.Bxh5 Rf5 28.Re4 Bc5 29.Bf3 Ke7
30.Ra4 b6 31.Rd2 Rf6 32.Kd1 Rg6 33.Be2 f5 34.Bxa6 e4 35.Bb5 g4 36.hxg4 Rxg4
37.f3 exf3 38.Rd7+ Kf6 39.gxf3 Rg3 40.Be2 Be3 41.Rd3 Rg1+ 42.Bf1 Rxf1+ 43.Ke2 Rf2+
44.Kxe3 Rxc2 45.f4 Nb7 46.Ra3 Nc5 47.Rd2 Rc1 48.Rb2 Re1+ 49.Kd2 Rf1 50.Rb4 Ne4+
51.Ke3 Re1+ 52.Kd3 Rf1 53.Ke3 Re1+ 54.Kd4 Rf1 55.Rxb6 Rxf4 56.Ra8 Ng5+ 57.Kd3 Rf3+
58.Kc2 f4 59.a4 Rf2+ 60.Kb3 f3 61.Rf8+ Ke7 62.Rf4 Rf1 63.Kc4 f2 64.Rb7+ Kd6
65.Rd4+ Kc6 66.Rb2 Nh3 67.Rbd2 Rb1 68.Rd6+ Kc7 69.Rd7+ Kb8 70.Rd8+ Kb7 71.Kc5 Ka7
72.R2d7+ Rb7 73.Rd1 Rf7 74.R1d7+ Rxd7 75.Rxd7+ Ka6 76.Rf7 e5 77.Rf3 Ka5 78.Kd5 e4
79.Rf5 e3 80.Kd4+ Kxa4 81.Kxe3 Kb3 82.Ke2 Kc4 83.Kf1  1-0

[Event "XX Open"]
[Site "Andorra la Vella AND"]
[Date "2002.07.07"]
[Round "2"]
[White "Rizouk,A"]
[Black "Midoux,S"]
[Result "1-0"]
[WhiteElo "2499"]
[BlackElo "2286"]

1.e4 c5 2.Nf3 d6 3.d4 cxd4 4.Nxd4 Nf6 5.Nc3 a6 6.Be3 e5 7.Nb3 Be6 8.f3 Nbd7
9.g4 b5 10.g5 b4 11.Nd5 Nxd5 12.exd5 Bf5 13.Bd3 Bxd3 14.Qxd3 Be7 15.h4 O-O
16.O-O-O f5 17.gxf6 Nxf6 18.h5 Qe8 19.h6 g6 20.Na5 Qf7 21.Nc6 a5 22.Kb1 Rfc8
23.f4 e4 24.Qd4 Ng4 25.Bc1 Bf8 26.f5 gxf5 27.Rhg1 Qg6 28.Rxg4  1-0

[Event "ch-SCO"]
[Site "Stirling SCO"]
[Date "2002.07.07"]
[Round "2"]
[White "Nolan,G"]
[Black "McKay,R"]
[Result "0-1"]
[WhiteElo "2175"]
[BlackElo "2375"]

1.e4 c5 2.Nf3 Nf6 3.Nc3 d6 4.d4 cxd4 5.Nxd4 a6 6.Be3 e6 7.Qd2 Nc6 8.O-O-O Bd7
9.f3 Be7 10.g4 O-O 11.h4 Rc8 12.Kb1 b5 13.Nxc6 Bxc6 14.g5 Nd7 15.Ne2 Ne5
16.Bg2 Nc4 17.Qd3 d5 18.exd5 Bxd5 19.Nf4 Bb7 20.Bc1 Qb6 21.Qe2 Bd6 22.h5 b4
23.Nd3 Na3+ 24.bxa3 bxa3+ 25.Ka1 Bd5 26.f4 Rb8 27.Bd2 Bxg2 28.Rh2 Bd5 29.g6 Bxf4
30.gxh7+ Kxh7 31.Rh4 Qd4+ 32.c3 Qc4 33.Bxf4 Qxc3+ 34.Nb2 axb2+ 35.Kb1 Bxa2+  0-1

[Event "XX Open"]
[Site "Andorra la Vella AND"]
[Date "2002.07.08"]
[Round "3"]
[White "De la Riva Aguado,O"]
[Black "Andres Gonzalez,A"]
[Result "0-1"]
[WhiteElo "2522"]
[BlackElo "2399"]

1.e4 c5 2.Nf3 d6 3.d4 cxd4 4.Nxd4 Nf6 5.Nc3 a6 6.Be3 e6 7.Qd2 b5 8.f3 Bb7
9.g4 Nfd7 10.O-O-O Nb6 11.Bg5 Qc8 12.Bd3 N8d7 13.Kb1 Nc4 14.Bxc4 Qxc4 15.Rhe1 h6
16.Be3 Ne5 17.f4 Nxg4 18.Bg1 Nf6 19.Re3 Be7 20.Qe1 O-O 21.Rh3 b4 22.e5 Nd5
23.Nxd5 Bxd5 24.b3 Qc7 25.Qg3 dxe5 26.fxe5 Bg5 27.Be3 Bxe3 28.Qxe3 f5 29.exf6 Rxf6
30.Rg1 Raf8 31.Kb2 a5 32.Rhg3 R8f7 33.Ne2 a4 34.bxa4 Qc4 35.Nc1 Rc7 36.Qd3 Qc5
37.Nb3 Qf2 38.Nd4 Qxh2 39.Nb5 Rcf7 40.Qd4 Qf2 41.Qxb4 Qf4 42.a3 Qe5+ 43.Qc3 Qxc3+
44.Rxc3 Rf4 45.Rc8+ Kh7 46.Nc3 Bc4 47.Re1 Rb7+ 48.Kc1 g5 49.Ne4 Bd5 50.Nc5 Rc4
51.Rf1 Rg7 52.a5 Bb7  0-1

[Event "XX Open"]
[Site "Andorra la Vella AND"]
[Date "2002.07.11"]
[Round "6"]
[White "Vehi Bach,V"]
[Black "Moreno Tejera,E"]
[Result "0-1"]
[WhiteElo "2460"]
[BlackElo "2365"]

1.e4 c5 2.Nf3 d6 3.d4 cxd4 4.Nxd4 Nf6 5.Nc3 a6 6.Be3 e6 7.Be2 Be7 8.Qd2 b5
9.a3 Bb7 10.f3 Nbd7 11.g4 Nb6 12.O-O-O Rc8 13.Kb1 Nfd7 14.g5 Ne5 15.f4 Nec4
16.Bxc4 Nxc4 17.Qd3 Qa5 18.Na2 Nxe3 19.Qxe3 Qb6 20.Rhe1 Qc5 21.h4 g6 22.Rd2 e5
23.fxe5 dxe5 24.Nf3 h6 25.Qxc5 Rxc5 26.Nb4 hxg5 27.hxg5 Rh3 28.Rd3 Rh5 29.Nd5 Bxg5
30.Nxg5 Bxd5 31.b4 Rc4 32.Rxd5 Rxg5 33.Rd6 Rg2 34.Rc1 g5 35.Rxa6 g4 36.Rb6 g3
37.Rxb5 Rxe4 38.Rb8+ Ke7 39.Rg8 Rc4 40.Kb2 Rc7 41.Kb3 f5 42.b5 Kf7 43.Rh8 Rgxc2
44.Rxc2 Rxc2 45.Rh5 Kg6 46.Rh8 Rc7 47.b6 Rg7  0-1

[Event "Dutch Open"]
[Site "Dieren NED"]
[Date "2002.07.11"]
[Round "3"]
[White "Gaponenko,I"]
[Black "Hamelink,D"]
[Result "1/2-1/2"]
[WhiteElo "2415"]
[BlackElo "2114"]

1.e4 c5 2.Nf3 d6 3.d4 cxd4 4.Nxd4 Nf6 5.Nc3 a6 6.Be3 e5 7.Nb3 Be6 8.Qd2 Be7
9.f3 h5 10.O-O-O Nbd7 11.Kb1 b5 12.Nd5 Bxd5 13.exd5 Nb6 14.Bxb6 Qxb6 15.Na5 Rc8
16.Nc6 Nxd5 17.Nxe7 Nxe7 18.Qxd6 Qxd6 19.Rxd6 Nc6 20.a4 Ke7 21.Rd1 Rhd8 22.Bd3 Rd5
23.axb5 axb5 24.Be4 Rc5 25.Rd2 b4 26.Bxc6 R8xc6 27.Re1 Ra5 28.Rde2 f6 29.Re4 Rca6
30.Kc1 Rd6 31.Kb1 Rda6 32.Kc1 Rd6 33.Kb1 Rda6  1/2-1/2

[Event "Open"]
[Site "Oberwart AUT"]
[Date "2002.07.12"]
[Round "8"]
[White "Testor,S"]
[Black "Karner,C"]
[Result "1-0"]
[WhiteElo "2164"]
[BlackElo "2301"]

1.e4 c5 2.Nf3 d6 3.d4 cxd4 4.Nxd4 Nf6 5.Nc3 a6 6.Be3 e5 7.Nb3 Be7 8.f3 Be6
9.Qd2 O-O 10.O-O-O b5 11.g4 b4 12.Nd5 Bxd5 13.exd5 a5 14.Qd3 Na6 15.g5 Nd7
16.h4 a4 17.Nd2 Ndc5 18.Qf5 Qc7 19.Bxa6 Nxa6 20.Ne4 b3 21.axb3 axb3 22.c3 g6
23.Qh3 Qc4 24.Kd2 Qxd5+ 25.Ke2 Qc4+ 26.Kf2 Qe6 27.h5 Qxh3 28.Rxh3 Kg7 29.Rdh1 d5
30.Ng3 Rg8 31.f4 Bc5 32.hxg6 hxg6 33.f5 d4 34.f6+ Kf8 35.cxd4 exd4 36.Bf4 Ke8
37.Re1+ Kd7 38.Rh7 Rgf8 39.Ne4 Rae8 40.Kf3 Ba7 41.Ra1 Rxe4 42.Kxe4 Nc5+ 43.Kd5  1-0

[Event "XX Open"]
[Site "Andorra la Vella AND"]
[Date "2002.07.13"]
[Round "8"]
[White "Kulaots,K"]
[Black "Andres Gonzalez,A"]
[Result "1/2-1/2"]
[WhiteElo "2535"]
[BlackElo "2399"]

1.e4 c5 2.Nf3 d6 3.d4 cxd4 4.Nxd4 Nf6 5.Nc3 a6 6.Be3 e6 7.Be2 Qc7 8.O-O b5
9.a4 b4 10.Na2 Bb7 11.c3 b3 12.Nb4 Nxe4 13.f4 Nd7 14.Qxb3 Be7 15.f5 Nec5
16.Qa2 e5 17.Nd5 Qd8 18.Ne6 Nxe6 19.fxe6 fxe6 20.Nxe7 Qxe7 21.Bh5+ g6 22.Bg4 Bd5
23.c4 Be4 24.Rad1 Rc8 25.Rf2 h5 26.Be2 Rf8 27.Rxf8+ Kxf8 28.b4 d5 29.Qd2 Kg8
30.a5 Rb8 31.c5 Ra8 32.Bg5 Qe8 33.Qe3 Qc8 34.Qg3 Qb7 35.Bh6 Qxb4 36.Be3 Qb3
37.Rc1 Nf8 38.Qg5 d4 39.Bd2 Qd5 40.c6 Qd6 41.Re1 Qxc6 42.Qxe5 Bxg2 43.Bh6 Ra7
44.Bxf8  1/2-1/2

[Event "XX Open"]
[Site "Andorra la Vella AND"]
[Date "2002.07.13"]
[Round "8"]
[White "Van Wissen,M"]
[Black "Cheparinov,I"]
[Result "0-1"]
[WhiteElo "2288"]
[BlackElo "2492"]

1.e4 c5 2.Nf3 d6 3.d4 cxd4 4.Nxd4 Nf6 5.Nc3 a6 6.Be3 e6 7.f3 b5 8.g4 Bb7
9.Qd2 Nfd7 10.O-O-O Nb6 11.Qf2 N8d7 12.Kb1 Rc8 13.Nce2 Qc7 14.Ng3 d5 15.Bd3 Nc4
16.exd5 Bxd5 17.Bc1 Nc5 18.Rhe1 Na4 19.Ne4 Naxb2 20.Bxb2 Nxb2 21.Nxb5 axb5
22.Bxb5+ Bc6 23.Bxc6+ Qxc6 24.Kxb2 Rb8+ 25.Ka1 Be7 26.Rb1 O-O 27.Rxb8 Rxb8
28.Rb1 Ra8 29.Rb3 Qa4 30.Rb2 Ba3 31.Rb3 Bc5 32.Nc3 Qxb3 33.Qxc5 Qxc2  0-1

[Event "FSGM July"]
[Site "Budapest HUN"]
[Date "2002.07.13"]
[Round "8"]
[White "Toth,An1"]
[Black "Seres,L"]
[Result "0-1"]
[WhiteElo "2401"]
[BlackElo "2462"]

1.e4 c5 2.Nf3 d6 3.d4 cxd4 4.Nxd4 Nf6 5.Nc3 a6 6.Be3 Nc6 7.f3 e6 8.Qd2 Be7
9.g4 O-O 10.g5 Nd7 11.h4 Nde5 12.Qf2 Bd7 13.Be2 b5 14.f4 b4 15.Nb1 Nxd4 16.Bxd4 Nc6
17.Bb6 Qb8 18.Nd2 f5 19.exf5 Rxf5 20.Bd3 Rf8 21.Rf1 Ne5 22.Be3 Nxd3+ 23.cxd3 e5
24.Qg2 Qb5 25.Qe4 d5 26.Qxe5 Rae8 27.Kf2 Qxd3 28.Nf3 Bc5  0-1

[Event "Open"]
[Site "Oberwart AUT"]
[Date "2002.07.13"]
[Round "9"]
[White "Steiner,B"]
[Black "Kilgus,G"]
[Result "1-0"]
[WhiteElo "2252"]
[BlackElo "2352"]

1.e4 c5 2.Nf3 d6 3.d4 cxd4 4.Nxd4 Nf6 5.Nc3 a6 6.Be3 Ng4 7.Bc4 Nxe3 8.fxe3 e6
9.O-O Be7 10.Rxf7 Kxf7 11.Qg4 d5 12.exd5 Rf8 13.dxe6+ Kg8 14.Nf5 g6 15.Nxe7+ Qxe7
16.Nd5 Qc5 17.b4 Qa7 18.Nb6 Kg7 19.Qd4+ Kh6 20.Qh4+ Kg7 21.Qe7+ Kg8 22.Rf1  1-0

[Event "3rd Stage Russian Cup"]
[Site "Tomsk RUS"]
[Date "2002.07.13"]
[Round "6"]
[White "Katalymov,B"]
[Black "Nepomniachtchi,I"]
[Result "0-1"]
[WhiteElo "2401"]
[BlackElo "2306"]

1.e4 c5 2.Nf3 d6 3.d4 cxd4 4.Nxd4 Nf6 5.Nc3 a6 6.Be3 e5 7.Nb3 Be6 8.Be2 Be7
9.O-O Nbd7 10.a4 Rc8 11.Re1 O-O 12.a5 Rxc3 13.bxc3 Nxe4 14.c4 Qc7 15.Bd3 Nef6
16.Nd2 Ng4 17.Ba7 f5 18.f3 Ngf6 19.Nf1 g6 20.Qb1 Nc5 21.Nd2 Bd7 22.Bb6 Qc8
23.Nb3 Ne6 24.c5 e4 25.fxe4 fxe4 26.Bxe4 Nxe4 27.Rxe4 Bc6 28.cxd6 Bxd6 29.Nd2 Nf4
30.Qd1 Bxe4 31.Nxe4 Be5 32.Rb1 Qc6 33.Qf3 Qxc2 34.Re1 Nd3 35.Qg4 Rf5 36.Rf1 Rxf1+
37.Kxf1 Qb1+ 38.Ke2 Nf4+ 39.Kf3 Qd3+  0-1

[Event "Open Aegean Ch"]
[Site "Ikaros GRE"]
[Date "2002.07.16"]
[Round "4"]
[White "Antoniewski,R"]
[Black "Karapanos,N"]
[Result "1-0"]
[WhiteElo "2465"]
[BlackElo "2237"]

1.e4 c5 2.Nc3 d6 3.Nge2 Nf6 4.d4 cxd4 5.Nxd4 a6 6.Be3 e5 7.Nb3 Be7 8.f3 Be6
9.g4 O-O 10.Qd2 Nbd7 11.O-O-O b5 12.g5 Nh5 13.Kb1 b4 14.Ne2 a5 15.Ng3 Nf4
16.h4 Re8 17.Nd4 exd4 18.Bxf4 b3 19.cxb3 a4 20.b4 Ne5 21.Qxd4 Qb8 22.a3 Bb3
23.Rc1 Nxf3 24.Qe3 Ne5 25.Nf5 Bf8 26.Nd4 Qb7 27.Nxb3 axb3 28.Bxe5 Rxe5 29.Bc4 Rae8
30.Qxb3 Qxe4+ 31.Ka2 d5 32.Bb5 Rb8 33.Rhe1 Qf5 34.Bd3 Qf4 35.Rxe5 Qxe5 36.b5 g6
37.Rc6 Bg7 38.b6 Re8 39.b7 Qb8 40.Ba6  1-0

[Event "TCh-POL Jun"]
[Site "Laczna POL"]
[Date "2002.07.16"]
[Round "2"]
[White "Chmielinska,A"]
[Black "Worek,J"]
[Result "1-0"]
[WhiteElo "2032"]
[BlackElo "2251"]

1.e4 c5 2.Nf3 d6 3.d4 cxd4 4.Nxd4 Nf6 5.Nc3 a6 6.Be3 e5 7.Nb3 Be6 8.f4 Ng4
9.Bd2 exf4 10.Bxf4 Nc6 11.Qd2 Nce5 12.Nd4 Be7 13.h3 Nf6 14.O-O-O Rc8 15.g4 b5
16.Nxe6 fxe6 17.Bxe5 dxe5 18.g5 Qxd2+ 19.Rxd2 b4 20.gxf6 bxc3 21.f7+ Kxf7
22.Rf2+ Bf6 23.Bxa6 Ra8 24.Bc4 Ra4 25.Bb3 cxb2+ 26.Kxb2 Rxe4 27.Rd1 Ke7 28.Rfd2 Rd4
29.c3 Rxd2+ 30.Rxd2 Rc8 31.Rd3 Rc5 32.Ba4 Bg5 33.Rd7+ Kf6 34.Rd6 e4 35.Bd1 Bf4
36.Rd4 Re5 37.Be2 Be3 38.Rd6 Bc5 39.Rc6 h5 40.a4 Kg5 41.Rc7 Kf4 42.Rxg7 Bf2
43.Kc2 Ke3 44.Bb5 Kf3 45.Rf7+ Rf5 46.Re7 e5 47.Kd1 Rg5 48.a5 Rg1+ 49.Kc2 Rg2
50.Rf7+ Ke3 51.a6 Rg1 52.a7  1-0

[Event "Open Aegean Ch"]
[Site "Ikaros GRE"]
[Date "2002.07.18"]
[Round "6"]
[White "Pavlovic,SD"]
[Black "Genov,Peta"]
[Result "0-1"]
[WhiteElo "2354"]
[BlackElo "2526"]

1.e4 c5 2.Nf3 d6 3.d4 cxd4 4.Nxd4 Nf6 5.Nc3 a6 6.Be3 e6 7.f3 b5 8.g4 Nfd7
9.Qd2 Nb6 10.Qf2 N8d7 11.O-O-O Bb7 12.h4 Rc8 13.Bd3 Rxc3 14.bxc3 d5 15.Ne2 Na4
16.g5 Qc7 17.exd5 Bxd5 18.Bf4 e5 19.Bf5 Ba3+ 20.Kb1 Qc4 21.Bxd7+ Ke7 22.Rxd5 Nxc3+  0-1

[Event "Open Aegean Ch"]
[Site "Ikaros GRE"]
[Date "2002.07.19"]
[Round "7"]
[White "Borriss,M"]
[Black "Tsanas,A"]
[Result "1/2-1/2"]
[WhiteElo "2439"]
[BlackElo "2176"]

1.e4 c5 2.Nf3 d6 3.d4 cxd4 4.Nxd4 Nf6 5.Nc3 a6 6.Be3 e5 7.Nb3 Be7 8.f3 Be6
9.Qd2 Nbd7 10.g4 h6 11.O-O-O b5 12.Qf2 b4 13.Nd5 Bxd5 14.exd5 a5 15.Kb1 a4
16.Nc1 Qa5 17.Bc4 O-O 18.h4 Rfc8 19.Qe2 Nb6 20.Bxb6 Qxb6 21.Bb5 Ra7 22.Bc6 Rb8
23.f4 a3 24.b3 h5 25.fxe5 Nxg4 26.e6 Bf6 27.Bd7 Qe3 28.Qxe3 Nxe3 29.Rd3 Ng4
30.exf7+ Kxf7  1/2-1/2

[Event "Lasker Mem Open"]
[Site "Barlinek POL"]
[Date "2002.07.20"]
[Round "2"]
[White "Socko,B"]
[Black "Senff,M"]
[Result "1/2-1/2"]
[WhiteElo "2562"]
[BlackElo "2464"]

1.e4 c5 2.Nf3 d6 3.d4 cxd4 4.Nxd4 Nf6 5.Nc3 a6 6.Be3 e5 7.Nb3 Be6 8.f3 Nbd7
9.g4 b5 10.g5 b4 11.Ne2 Nh5 12.Qd2 g6 13.Ng3 Nf4 14.Ne2 Nxe2 15.Bxe2 a5 16.h4 a4
17.Nc1 Qa5 18.h5 d5 19.hxg6 fxg6 20.exd5 Bxd5 21.Nd3 Be7 22.Rh4 O-O 23.Nxb4 Bxf3
24.Bc4+ Kh8 25.c3 Qc7 26.Qh2 h5 27.Nd5 Qd8 28.Qg3 Rf5 29.Nxe7 Qxe7 30.Be2 Bxe2
31.Kxe2 Rb8 32.Rb1 Nc5 33.Qh3 Kg7 34.Rxh5 gxh5 35.Qxf5 Rf8 36.Qh3 Ne6 37.Rd1 Kg6
38.Rh1 Ng7 39.Qg2 e4 40.Qh2 Qe6 41.Bd4 Qxa2 42.Qd6+ Ne6 43.Ke3 Qc4 44.Bf6 Rb8
45.Rxh5 Kxh5 46.Qh2+ Kg4 47.Qg2+ Kf5 48.Qh3+ Kg6 49.Qh6+ Kf5 50.Qh3+ Kg6
51.Qh6+ Kf5  1/2-1/2

[Event "Richard Aronow Mem"]
[Site "Philadelphia USA"]
[Date "2002.07.20"]
[Round "8"]
[White "Smith,BG"]
[Black "Chiong,L"]
[Result "1-0"]
[WhiteElo "2412"]
[BlackElo "2368"]

1.e4 c5 2.Nf3 d6 3.d4 cxd4 4.Nxd4 Nf6 5.Nc3 a6 6.Be3 e5 7.Nb3 Be6 8.f3 h5
9.Nd5 Bxd5 10.exd5 Nbd7 11.c4 b6 12.Be2 Be7 13.O-O h4 14.f4 a5 15.fxe5 Nxe5
16.Nd4 g6 17.Nc6 Nxc6 18.dxc6 Rb8 19.Qd4 Rc8 20.Bg5  1-0

[Event "Battle of Senta Open"]
[Site "Senta YUG"]
[Date "2002.07.20"]
[Round "3"]
[White "Chereches,M"]
[Black "Arsovic,G"]
[Result "1/2-1/2"]
[WhiteElo "2300"]
[BlackElo "2434"]

1.e4 c5 2.Nf3 d6 3.d4 cxd4 4.Nxd4 Nf6 5.Nc3 a6 6.Be3 e5 7.Nb3 Be6 8.Qd2 Be7
9.f3 O-O 10.g4 d5 11.g5 d4 12.gxf6 Bxf6 13.Bxd4 exd4 14.Ne2 Nc6 15.O-O-O Qb6
16.f4 Rfd8 17.Ng3 g6 18.e5 Bg7 19.h4 a5 20.Kb1 a4 21.Nc1 a3 22.b3 Qb4 23.Nd3 Qxd2
24.Rxd2 Ne7 25.Bg2 Nd5 26.Bxd5 Bxd5 27.Re1 f6 28.h5 Re8 29.hxg6 hxg6 30.Rde2 Bf3
31.Rf2 Bd5 32.Rfe2 Bf3 33.Rf2 Bd5  1/2-1/2

[Event "XVIII Open"]
[Site "Ferrol ESP"]
[Date "2002.07.21"]
[Round "5"]
[White "Lakos,N"]
[Black "Rodriguez Lopez,R"]
[Result "1-0"]
[WhiteElo "2287"]
[BlackElo "2273"]

1.e4 c5 2.Nf3 d6 3.d4 cxd4 4.Nxd4 Nf6 5.Nc3 a6 6.Be3 Nc6 7.f3 Qb6 8.Na4 Qa5+
9.c3 Nd7 10.Nxc6 bxc6 11.Be2 e6 12.O-O Be7 13.b3 O-O 14.c4 c5 15.Qc2 Qc7
16.Rad1 Ne5 17.f4 Nc6 18.Bf3 Bb7 19.Qf2 Rad8 20.e5 dxe5 21.Bxc5 Rxd1 22.Bxd1 exf4
23.Qxf4 e5 24.Qf2 f5 25.Bf3 e4 26.Bxe4 Qe5 27.Bd5+ Kh8 28.Re1 Qc7 29.Bxc6 Bxc5
30.Qxc5  1-0

[Event "XVIII Open"]
[Site "Ferrol ESP"]
[Date "2002.07.21"]
[Round "5"]
[White "Espineira Gonzalez,D"]
[Black "Ruiz Jimenez,F"]
[Result "1/2-1/2"]
[WhiteElo "2194"]
[BlackElo "2116"]

1.e4 c5 2.Nf3 d6 3.d4 cxd4 4.Nxd4 Nf6 5.Nc3 a6 6.Be3 e5 7.Nb3 Be6 8.Qd2 Nbd7
9.f3 b5 10.g4 Nb6 11.g5 Nfd7 12.O-O-O Nc4 13.Qf2 Nxe3 14.Qxe3 Be7 15.Rg1 Qb6
16.Qxb6 Nxb6 17.Na5 Rc8 18.a4 Nxa4 19.Nxa4 bxa4 20.Bxa6 Rc5 21.Nb7 Rc7 22.Nxd6+ Bxd6
23.Rxd6 Ke7 24.Rb6 Rd8 25.Bb5 Bb3 26.Rg2 Rdc8 27.Bd3 Rd8 28.Ba6 Rd6 29.Rxd6 Kxd6
30.Rd2+ Ke6 31.Kb1 Bc4 32.Bxc4+ Rxc4 33.Ka2 f5 34.gxf6 gxf6 35.c3 f5 36.Re2 Kf6
37.h4 Kg6 38.Rg2+ Kf6 39.exf5 Rxh4 40.Rg4 Rh3 41.Rxa4 Kxf5 42.b4 Rxf3 43.Kb3 e4
44.Ra1 e3 45.b5 Ke5 46.Kc4 e2 47.Re1 Re3 48.b6 Kd6 49.Kd4 Re7  1/2-1/2

[Event "Open Aegean Ch"]
[Site "Ikaros GRE"]
[Date "2002.07.21"]
[Round "9"]
[White "Borriss,M"]
[Black "Genov,Peta"]
[Result "1/2-1/2"]
[WhiteElo "2439"]
[BlackElo "2526"]

1.e4 c5 2.Nf3 d6 3.d4 cxd4 4.Nxd4 Nf6 5.Nc3 a6 6.Be3 e6 7.f3 b5 8.g4 Nfd7
9.Qd2 Nb6 10.O-O-O Bb7 11.Bg5 Be7 12.Bxe7 Qxe7 13.Nb3 Nc8 14.Na5 Nc6 15.Nd5 Qd7
16.Nxb7 Qxb7 17.Nf4 O-O 18.Nh5 e5 19.Nxg7 Kxg7 20.Qg5+ Kh8 21.Qf6+ Kg8 22.Qg5+ Kh8
23.Qf6+  1/2-1/2

[Event "KB Czech Open"]
[Site "Pardubice CZE"]
[Date "2002.07.21"]
[Round "3"]
[White "Inarkiev,E"]
[Black "Saravanan,V"]
[Result "1-0"]
[WhiteElo "2545"]
[BlackElo "2385"]

1.e4 c5 2.Nf3 d6 3.d4 cxd4 4.Nxd4 Nf6 5.Nc3 a6 6.Be3 e5 7.Nb3 Be7 8.f3 O-O
9.Qd2 Be6 10.O-O-O Qc7 11.g4 Rc8 12.Qf2 Nbd7 13.h4 b5 14.g5 Nh5 15.Bh3 Rcb8
16.Bg4 Nf4 17.Bxf4 exf4 18.Nd4 Nf8 19.Kb1 Bc4 20.Nd5 Bxd5 21.exd5 Qc5 22.Qd2 Qxd5
23.Nf5 Qb7 24.Qxf4 Rd8 25.Rhe1 Ng6 26.Qd4 Bf8 27.f4 Qa7 28.h5 Qxd4 29.Rxd4 Nh8
30.Red1 g6 31.Nxd6 gxh5 32.Ne4 Be7 33.Bxh5 Rxd4 34.Rxd4 Rd8 35.Rxd8+ Bxd8
36.f5 h6 37.gxh6 Kh7 38.Nd6 f6 39.Bf3 Be7 40.Ne8 b4 41.Bd5 Kxh6 42.Be6 Kg5
43.Nc7 a5 44.Nd5 Bd6 45.c3 bxc3 46.bxc3  1-0

[Event "Lasker Mem Open"]
[Site "Barlinek POL"]
[Date "2002.07.22"]
[Round "4"]
[White "Socko,B"]
[Black "Solodovnichenko,Y"]
[Result "1-0"]
[WhiteElo "2562"]
[BlackElo "2448"]

1.e4 c5 2.Nf3 d6 3.d4 cxd4 4.Nxd4 Nf6 5.Nc3 a6 6.Be3 Nc6 7.f3 e6 8.Qd2 Be7
9.O-O-O O-O 10.g4 Nd7 11.h4 Nde5 12.Qf2 Bd7 13.Kb1 Qc7 14.Rg1 Nxd4 15.Bxd4 b5
16.f4 Nc4 17.Bxc4 Qxc4 18.g5 Rfc8 19.Qd2 b4 20.Ne2 e5 21.b3 Qc6 22.Bb2 Ra7
23.Ng3 exf4 24.Qd4 Bf8 25.Qxa7 fxg3 26.Rc1 Re8 27.Rxg3 Rxe4 28.h5 d5 29.Qf2 Bc5
30.Qf3 d4 31.h6 g6 32.Qf6 Qxf6 33.gxf6 Bg4 34.Rf1 Kf8 35.Bc1 Bd6 36.Rgg1 Be5
37.Bd2 a5 38.a3 Be2 39.Re1 bxa3 40.Rg2 d3 41.cxd3 Bxd3+ 42.Ka2 Bxf6 43.Rxe4 Bxe4
44.Re2 Bd3 45.Re3 Bb5 46.Bxa5 Be7 47.Rc3 f5 48.Rc8+ Be8 49.b4 f4 50.b5 f3
51.Be1 Kf7 52.b6 Bd7 53.Rc7 Be6+ 54.Ka1 Bd5 55.b7 Bxb7 56.Rxb7 g5 57.Kb1 Ke6
58.Rb3 g4 59.Re3+ Kd7 60.Re5  1-0

[Event "KB Czech Open"]
[Site "Pardubice CZE"]
[Date "2002.07.22"]
[Round "4"]
[White "Balogh,C"]
[Black "Stocek,J"]
[Result "0-1"]
[WhiteElo "2441"]
[BlackElo "2555"]

1.e4 c5 2.Nf3 d6 3.d4 cxd4 4.Nxd4 Nf6 5.Nc3 a6 6.Be3 e5 7.Nb3 Be6 8.Qd2 Nbd7
9.f4 b5 10.f5 Bc4 11.O-O-O Rb8 12.Kb1 Be7 13.Bd3 a5 14.Qe2 a4 15.Nd2 Qa5
16.a3 O-O 17.Na2 d5 18.c3 Rfc8 19.exd5 Bxa2+ 20.Kxa2 Nxd5 21.Ne4 b4 22.cxb4 Bxb4
23.Bc4 Rxc4 24.Qxc4 Nxe3 25.axb4 Qb6 26.Qc3 Nxd1 27.Rxd1 Qb5 28.Rd6 h6 29.f6 Qxb4
30.Rxd7 Qxe4 31.fxg7 Qf5 32.Rd5 a3 33.Qxe5 Qxe5 34.Rxe5 Rxb2+ 35.Kxa3 Rxg2
36.Rh5 Kxg7 37.Kb3 Rd2 38.Rh3 f5 39.Rg3+ Kf6 40.h4 f4  0-1

[Event "KB Czech Open"]
[Site "Pardubice CZE"]
[Date "2002.07.23"]
[Round "5"]
[White "Balabaev,T"]
[Black "Navara,D"]
[Result "1-0"]
[WhiteElo "2441"]
[BlackElo "2559"]

1.e4 c5 2.Nf3 d6 3.d4 cxd4 4.Nxd4 Nf6 5.Nc3 a6 6.Be3 Nc6 7.f3 e6 8.Qd2 Be7
9.O-O-O O-O 10.g4 Nxd4 11.Bxd4 b5 12.Kb1 Rb8 13.h4 b4 14.Ne2 e5 15.Ba7 Rb7
16.Be3 Be6 17.g5 Nh5 18.Bh3 Qc8 19.Ng1 a5 20.Qg2 a4 21.Bxe6 fxe6 22.Rh2 b3
23.cxb3 axb3 24.a3 Rc7 25.Qf1 Qb7 26.Rc1 Rxc1+ 27.Qxc1 d5 28.exd5 exd5 29.Qd1 d4
30.Bc1 Qd5 31.Re2 d3 32.Re4 Bc5 33.Ne2 Kh8 34.Nc3 Qd6 35.Rc4 Ng3 36.Qxb3 Ne2
37.Ne4 Qd5 38.Nxc5 d2 39.Bxd2 Qxd2 40.Qc2 Qe1+ 41.Ka2 Nd4 42.Qc3 Qf1 43.Nd7 Ne2
44.Qc2  1-0